Mathematical Modelling and Machine Learning Methods for Bioinformatics and Data Science Applications (Record no. 18712)
[ view plain ]
| 000 -LEADER | |
|---|---|
| fixed length control field | 00979nam a2200133Ia 4500 |
| 008 - FIXED-LENGTH DATA ELEMENTS--GENERAL INFORMATION | |
| fixed length control field | 220615s9999||||xx |||||||||||||| ||und|| |
| 020 ## - INTERNATIONAL STANDARD BOOK NUMBER | |
| International Standard Book Number | 9783040000000 |
| 245 #0 - TITLE STATEMENT | |
| Title | Mathematical Modelling and Machine Learning Methods for Bioinformatics and Data Science Applications |
| 546 ## - LANGUAGE NOTE | |
| Language note | English[eng] |
| 650 ## - SUBJECT ADDED ENTRY--TOPICAL TERM | |
| Topical term or geographic name entry element | algorithm||identification||Alzheimer||predator–prey model||herd behaviour||herd shape||linear functional response||Holling type II functional response||bifurcation analysis||deep learning||convolutional neural networks||semantic segmentation||generative adversarial networks||chest X-ray||image augmentation||tropospheric ozone||machine learning||El Paso-Juarez||semi-arid climate||visual sequential search test||episode matching||trail making test||sequence alignment||alignment score||eye tracking||Til Making Test||neurological diseases |
| 700 ## - ADDED ENTRY--PERSONAL NAME | |
| Personal name | Bianchini, Monica||Sampoli, Maria Lucia |
| 856 ## - ELECTRONIC LOCATION AND ACCESS | |
| Uniform Resource Identifier | <a href="https://mdpi.com/books/pdfview/book/4825">https://mdpi.com/books/pdfview/book/4825</a> |
| 942 ## - ADDED ENTRY ELEMENTS (KOHA) | |
| Koha item type | E-Books |
| Withdrawn status | Lost status | Damaged status | Not for loan | Home library | Current library | Date acquired | Total Checkouts | Date last seen | Price effective from | Koha item type |
|---|---|---|---|---|---|---|---|---|---|---|
| Kerala University of Digital Sciences, Innovation and Technology Knowledge Centre | Kerala University of Digital Sciences, Innovation and Technology Knowledge Centre | 15/06/2022 | 15/06/2022 | 15/06/2022 | E-Books |